| 000 | 00554nam a22001817a 4500 | ||
|---|---|---|---|
| 003 | OSt | ||
| 005 | 20220107122822.0 | ||
| 008 | 161020b xxu||||| |||| 00| 0 eng d | ||
| 040 | _cIIITMK | ||
| 100 |
_aSushree Snehaja Biswal (93614033) _910935 |
||
| 245 | _aPenetration testing and building web application firewall to prevent SQL injection | ||
| 300 | _aCSIS - Major Project | ||
| 502 |
_bCSIS _c2014-16 _dINT _eDr. Tony Thomas |
||
| 650 |
_aWEB APPLICATION _910936 |
||
| 650 |
_aPENETRATION TESTING _910937 |
||
| 650 |
_aSQL _910938 |
||
| 942 |
_2ddc _cPR |
||
| 999 |
_c5440 _d5440 |
||